Análisis económico en ingeniería
Uloženo v:
| Hlavní autor: | |
|---|---|
| Médium: | Kniha |
| Vydáno: |
México : McGraw-Hill
1985
|
| Témata: | |
| Tagy: |
Přidat tag
Žádné tagy, Buďte první, kdo vytvoří štítek k tomuto záznamu!
|
MARC
| LEADER | 00000nam a2200000Ia 4500 | ||
|---|---|---|---|
| 003 | 000284 | ||
| 005 | 20240112152445.0 | ||
| 008 | 140114s1985 m a 000 ||s d | ||
| 040 | |c cru CEDI | ||
| 082 | |a 658.155 N557a | ||
| 100 | |a Newnan, Donald G |9 18544 | ||
| 245 | |a Análisis económico en ingeniería | ||
| 260 | |a México : McGraw-Hill |c 1985 | ||
| 300 | |a 537 páginas : ilustraciones | ||
| 500 | |a Traducción de: Engineering economic analysis, 2. ed. | ||
| 650 | |x ECONOMIA INDUSTRIAL |9 18545 | ||
| 942 | |c BK |h 658.155 N557a |6 658_155000000000000_N557A | ||
| 999 | |c 14798 |d 14798 | ||
